| 000 | ncm a22 a 4500 | ||
|---|---|---|---|
| 999 |
_c351496 _d351496 |
||
| 003 | BLK | ||
| 005 | 20200406102457.0 | ||
| 008 | 200404b bu ||||| |||| 00| 0 bu d | ||
| 040 | _aBLK | ||
| 041 |
_aBUL _cBUL |
||
| 080 |
_aКамерна вок. муз. Песни, балади, арии, романси _b784.3 _z784.3 |
||
| 139 |
_aПесни за солфеж и слухов анализ [нотирана музика] _bП 38 |
||
| 245 | _aПесни за солфеж и слухов анализ [нотирана музика] | ||
| 257 | _aBGR | ||
| 260 |
_9209548 _aСофия _bНаука и изкуство _c1968 |
||
| 300 |
_a108 с. _c31 см |
||
| 380 | _a7 | ||
| 650 | 7 |
_9171331 _aСолфеж |
|
| 650 | 7 |
_9166108 _aПесни |
|
| 650 | 7 |
_9164351 _aНоти |
|
| 653 | 7 |
_9196914 _aсолфежи |
|
| 653 | 7 |
_9193581 _aпесни |
|
| 653 | 7 |
_9192444 _aноти |
|
| 852 |
_aЦб М ІІ 4819 _bИП |
||
| 942 |
_cNOT _n0 _s1 |
||
| 944 |
_c2020-04-04 _kВалентина Караджова |
||
| 999 | _d351496 | ||